000 00653na a2200241 4500
001 19898
003 MIRAKIL
005 20181213155057.0
008 161228b tu 000 0
020 _a975632502X
040 _aMilas
_btur
_cTR-AnCHP
041 _atur
082 _a320.01
_bS23 2004
090 _a320.01 S23 2004
100 _aSağır, Meral
245 _aSiyaset sosyolojisi yazıları
_cMeral Sağır, Serkan Akıllı
260 _aAnkara
_bSiyasal Kitabevi
_c2004
300 _a210 s.
_c20 sm.
500 _aKaynakça var.
650 _aSiyaset sosylojisi
_xYazılar
650 _aSiyaset bilimi
_zSosyoloji
942 _2ddc
_cBKS
999 _c6125
_d6125